MARC

LEADER 00000nas a22000007i 4500
001 ssj0012536
003 WaSeSS
005 20200512172242.0
006 m d
007 cr n
008 101028c19659999nyufr p s | a0eng
010 |a  2018203901  |z  66080412  
015 |a 011188758  |2 dnb 
016 7 |a 011188758  |2 DE-101 
016 7 |a 206585-X  |2 DE-600 
016 7 |a 007160292  |2 Uk 
022 |a 2640-883X  |y 0011-3735 
024 7 |a 00536105  |2 swets 
035 |a (WaSeSS)ssj0012536 
037 |b Columbia University, Department of Music, 614 Dodge Hall, Mail Code 1812, New York, NY 10027 United States 
040 |a OCLCE  |b eng  |e pn  |c OCLCE  |d OCLCQ  |d OCLCA  |d OCLCQ  |d OCLCA  |d OCLCF  |d OCLCQ  |d OCLCS  |d AUD  |d CO3  |d BUF  |d QE2  |d TXA  |d VT2  |d UAB  |d LND  |d Z5A  |d FIE  |d OCLCQ  |d SNK  |d DKU  |d AU@  |d OCLCO  |d DLC  |d OCLCA  |d CEF  |d OCLCO  |d WaSeSS 
042 |a dlr  |a pcc  |a nsdp 
050 4 |a ML1  |b .C98 
082 1 0 |a 780.72/1  |2 23 
082 0 4 |a 780/.01/05 
222 0 |a Current musicology  |b (Online) 
245 0 0 |a Current musicology  |h [electronic resource]. 
260 |a New York :  |b Department of Music, Columbia University 
260 3 |3 <2018-> :  |a New York, NY :  |b Columbia University Libraries and Columbia University Department of Music 
310 |a Semiannual 
362 1 |a Began with: No. 1 (Spring 1965)- 
506 |a License restrictions may limit access. 
515 |a First four issues lack enumeration. 
538 |a Master and use copy. Digital master created according to Benchmark for Faithful Digital Reproductions of Monographs and Serials, Version 1. Digital Library Federation, December 2002.  |u http://purl.oclc.org/DLF/benchrepro0212  |5 MiAaHDL 
583 1 |a digitized  |c 2010  |h HathiTrust Digital Library  |l committed to preserve  |2 pda  |5 MiAaHDL 
588 |a Description based on: No. 1 (Spring 1965); title from caption (currentmusicology.columbia.edu; viewed December 13, 2018). 
588 |a Latest issue consulted: No. 101 (Fall 2017) (viewed December 13, 2018). 
650 0 |a Musicology  |v Periodicals. 
650 6 |a Musicologie  |v Périodiques. 
650 7 |a Musicology.  |2 fast  |0 (OCoLC)fst01030893 
650 1 7 |a Muziekwetenschap.  |2 gtt 
650 7 |a Musikwissenschaft  |2 gnd 
655 0 |a Electronic journals. 
710 2 |a Columbia University.  |b Libraries. 
710 2 |a Columbia University.  |b Department of Music. 
776 0 8 |i Print version:  |t Current musicology  |x 0011-3735  |w (DLC) 66080412  |w (OCoLC)1565661 
830 0 |a Collection of Jamie ad Michael Kassler (Specific issues)  |5 ANL 
856 4 0 |z Full text available from Research Library: 05/01/1995 to 12/31/2014  |u https://search.proquest.com/publication/40689 
856 4 0 |z Full text available from Research Library: 01/01/2017 to 01/31/2018  |u https://search.proquest.com/publication/40689